| 000 | 00677nam a2200241 i 4500 | ||
|---|---|---|---|
| 001 | bg | ||
| 003 | BPK | ||
| 005 | 20190725111845.0 | ||
| 008 | s1990 uk a g f |000 0 eng d | ||
| 020 | _a0582558948 | ||
| 040 | _cBPK | ||
| 041 | _aeng | ||
| 080 | _a811.111'36 | ||
| 080 | _a(07) | ||
| 100 | 1 | _aWalker, Elaine. | |
| 245 | 0 |
_aGrammar practice for intermediate students / _cE. Walker, S. Elsworth. |
|
| 260 |
_aHarlow : _bLongman, _c1990. |
||
| 650 | 4 |
_aJęzyk angielski _xgramatyka. |
|
| 650 | 4 |
_aJęzyk angielski _xpoziom średnio zaawansowany. |
|
| 655 | 4 | _aĆwiczenia i zadania | |
| 700 | 1 | _aElsworth, Steve. | |
| 942 |
_cKS _2UKD |
||
| 999 |
_c4223 _d4223 |
||